[Event "Berlin Lichtenrade op 02nd"]
[Site "Berlin"]
[Date "2005.10.09"]
[Round "9"]
[White "Moehring, Guenther"]
[Black "Trebbin, Wolfhard"]
[Result "1-0"]
[WhiteElo "2308"]
[BlackElo "2114"]
[PlyCount "49"]
[EventDate "2005.10.01"]
[EventType "swiss"]
[EventRounds "9"]
[EventCountry "GER"]
[SourceTitle "CBM 108 Extra"]
[Source "ChessBase"]
[SourceDate "2005.11.04"]
[SourceVersion "1"]
[SourceVersionDate "2005.11.04"]
[SourceQuality "1"]

1. Nf3 d5 2. c4 c6 3. d4 Nf6 4. e3 e6 5. Nbd2 b6 6. Bd3 Nbd7 7. 0-0 Bb7 8. b3 Bd6 9. Bb2 0-0 10. Ne5 c5 11. Nxd7 Nxd7 12. Qh5 g6 13. Qe2 cxd4 14. exd4 Nf6 15. Rac1 Rc8 16. g3 Qe7 17. Rc2 dxc4 18. bxc4 h5 19. Rfc1 h4 20. c5 hxg3 21. hxg3 Bb8 22. c6 Ba8 23. Ba6 Rc7 24. Nc4 Rd8 25. Ba3 1-0

[Event "Berlin Lichtenrade op 02nd"]
[Site "Berlin"]
[Date "2005.10.06"]
[Round "6"]
[White "Chaumont, Adeline"]
[Black "Moehring, Guenther"]
[Result "0-1"]
[WhiteElo "2035"]
[BlackElo "2308"]
[PlyCount "58"]
[EventDate "2005.10.01"]
[EventType "swiss"]
[EventRounds "9"]
[EventCountry "GER"]
[SourceTitle "CBM 108 Extra"]
[Source "ChessBase"]
[SourceDate "2005.11.04"]
[SourceVersion "1"]
[SourceVersionDate "2005.11.04"]
[SourceQuality "1"]

1. c4 g6 2. g3 Bg7 3. Bg2 Nf6 4. Nc3 0-0 5. d3 d6 6. e3 e5 7. Nge2 c6 8. 0-0 Nbd7 9. Rb1 a5 10. a3 Nh5 11. b4 axb4 12. axb4 f5 13. Qc2 Ndf6 14. b5 Bd7 15. Qb3 Rf7 16. Ba3 Bf8 17. Ra1 f4 18. exf4 exf4 19. bxc6 Bxc6 20. Bxc6 bxc6 21. Nd4 Qc8 22. Qd1 Ng4 23. h3 Ne5 24. g4 f3 25. Ne4 Nf4 26. Bxd6 Nxh3+ 27. Kh1 Qxg4 28. Ng3 Ng5 29. Nxf3 Nexf3 0-1

[Event "Berlin Lichtenrade op 02nd"]
[Site "Berlin"]
[Date "2005.10.02"]
[Round "2"]
[White "Hahlbohm, Matthias"]
[Black "Moehring, Guenther"]
[Result "1-0"]
[WhiteElo "2119"]
[BlackElo "2308"]
[PlyCount "71"]
[EventDate "2005.10.01"]
[EventType "swiss"]
[EventRounds "9"]
[EventCountry "GER"]
[SourceTitle "CBM 108 Extra"]
[Source "ChessBase"]
[SourceDate "2005.11.04"]
[SourceVersion "1"]
[SourceVersionDate "2005.11.04"]
[SourceQuality "1"]

1. e4 c5 2. Nf3 d6 3. d4 cxd4 4. Nxd4 Nf6 5. Nc3 e6 6. Be3 Be7 7. Be2 Nc6 8. Qd2 0-0 9. 0-0-0 a6 10. f4 e5 11. Nf5 Bxf5 12. exf5 b5 13. g4 b4 14. Nd5 Nxd5 15. Qxd5 exf4 16. Bxf4 Ne5 17. Kb1 Qb6 18. g5 Qf2 19. Qd2 Rfe8 20. h4 Bf8 21. Rh2 Qc5 22. b3 a5 23. h5 a4 24. g6 axb3 25. cxb3 d5 26. gxf7+ Kxf7 27. Rc1 Qa5 28. h6 g6 29. Bxe5 Rxe5 30. fxg6+ Kg8 31. Bf3 hxg6 32. Qd4 Rae8 33. Rd1 Kh7 34. Bxd5 Bc5 35. Qg4 R8e7 36. Bc4 1-0

[Event "Berlin op 03"]
[Site "Berlin"]
[Date "2005.04.01"]
[Round "8"]
[White "Moehring, Guenther"]
[Black "Niehaus, Frank"]
[Result "1-0"]
[WhiteElo "2240"]
[BlackElo "2140"]
[PlyCount "121"]
[EventDate "2005.03.25"]
[EventType "swiss"]
[EventRounds "9"]
[EventCountry "GER"]
[SourceTitle "EXT 2007"]
[Source "ChessBase"]
[SourceDate "2006.11.23"]
[SourceVersion "1"]
[SourceVersionDate "2006.11.23"]
[SourceQuality "1"]

1. Nf3 Nf6 2. g3 g6 3. b3 Bg7 4. Bb2 d6 5. d4 0-0 6. Bg2 e5 7. dxe5 Nfd7 8. 0-0 dxe5 9. e4 a5 10. Na3 Qe7 11. Nc4 a4 12. Qe2 b5 13. Ne3 Qc5 14. a3 Nb6 15. b4 Qe7 16. Nd5 Nxd5 17. exd5 Nd7 18. Rfe1 Rb8 19. Nd4 Qg5 20. Nc6 Rb6 21. Nxe5 Nxe5 22. Bxe5 Bg4 23. Qe4 Qxe5 24. Qxe5 Bxe5 25. Rxe5 Bd7 26. Rc1 Rd6 27. c4 bxc4 28. Rxc4 c6 29. Rc5 Rd8 30. f4 cxd5 31. Rexd5 Be6 32. Rxd6 Rxd6 33. b5 Kg7 34. Bc6 Bd7 35. Rd5 Rxd5 36. Bxd5 Bxb5 37. Kf2 f6 38. Ke3 g5 39. Kd4 gxf4 40. gxf4 h6 41. Be4 Kf7 42. Bf5 Ke7 43. Kc5 Be8 44. Kb4 Kd6 45. Bc2 Kd5 46. Bxa4 Bg6 47. Bb3+ Kd4 48. a4 Bd3 49. a5 f5 50. Ba4 Ba6 51. Bd7 Ke3 52. Kc5 Kxf4 53. Kb6 Bd3 54. Bb5 Be4 55. a6 Ke3 56. Bc6 Bxc6 57. Kxc6 f4 58. a7 f3 59. a8Q Kf2 60. Kd5 Kg2 61. Kd4 1-0

[Event "Berlin Unicorn op"]
[Site "Berlin"]
[Date "2004.05.23"]
[Round "7.1"]
[White "Rabiega, Robert"]
[Black "Moehring, Guenther"]
[Result "1-0"]
[WhiteElo "2531"]
[BlackElo "2302"]
[PlyCount "61"]
[EventDate "2004.05.??"]
[EventType "swiss"]
[EventRounds "7"]
[EventCountry "GER"]
[SourceTitle "CBM 100 Extra"]
[Source "ChessBase"]
[SourceDate "2004.07.06"]
[SourceVersion "2"]
[SourceVersionDate "2004.07.06"]
[SourceQuality "1"]

1. e4 d6 2. d4 Nf6 3. Bd3 e5 4. c3 Nc6 5. Nf3 Bg4 6. d5 Ne7 7. h3 Bc8 8. c4 Ng6 9. Nc3 Be7 10. 0-0 0-0 11. Re1 Ne8 12. Be3 Nh4 13. Nxh4 Bxh4 14. c5 Bg5 15. Qd2 Bxe3 16. Qxe3 f5 17. exf5 Bxf5 18. Bxf5 Rxf5 19. Ne4 Nf6 20. Ng3 Rf4 21. Qb3 dxc5 22. Rxe5 Rb4 23. Qe3 Qf8 24. Re1 Rd8 25. Nf5 Kh8 26. Qg5 g6 27. Re8 Nxe8 28. Qxd8 Qxf5 29. Re7 Kg8 30. Qxe8+ Qf8 31. Qd7 1-0

[Event "Berlin Unicorn op"]
[Site "Berlin"]
[Date "2004.05.22"]
[Round "5"]
[White "Moehring, Guenther"]
[Black "Breier, Andreas"]
[Result "1/2-1/2"]
[WhiteElo "2302"]
[BlackElo "2359"]
[PlyCount "140"]
[EventDate "2004.05.??"]
[EventType "swiss"]
[EventRounds "7"]
[EventCountry "GER"]
[SourceTitle "CBM 100 Extra"]
[Source "ChessBase"]
[SourceDate "2004.07.06"]
[SourceVersion "2"]
[SourceVersionDate "2004.07.06"]
[SourceQuality "1"]

1. Nf3 d5 2. c4 d4 3. g3 c5 4. b4 cxb4 5. a3 bxa3 6. Bxa3 Nc6 7. d3 g6 8. Bg2 Bg7 9. 0-0 Nf6 10. Nbd2 Rb8 11. Qc2 0-0 12. Rfb1 b6 13. Rb2 a5 14. Rab1 Bd7 15. Ne1 Qc7 16. Qd1 Rfe8 17. c5 b5 18. Rxb5 Rxb5 19. Rxb5 Nb4 20. c6 Bxc6 21. Qc1 Qd7 22. Bxc6 Nxc6 23. Rc5 Rc8 24. Nc4 Nd5 25. Rxd5 Qxd5 26. Nb6 Qe6 27. Nxc8 Qxc8 28. Qc4 Qe6 29. Qxe6 fxe6 30. Kg2 Be5 31. Kf3 Bd6 32. Bb2 Kf7 33. Ke4 e5 34. Kd5 Nb4+ 35. Kc4 Ke6 36. Nf3 Kf5 37. h3 g5 38. g4+ Kf6 39. Nd2 h6 40. e3 dxe3 41. fxe3 Nc2 42. Ne4+ Ke6 43. Bc1 a4 44. Nxd6 exd6 45. Bd2 Na1 46. d4 Nb3 47. d5+ Ke7 48. Bb4 Nc1 49. Ba3 Nb3 50. Kd3 Na5 51. Bb4 Nb7 52. Kc4 Nc5 53. Bxc5 dxc5 54. e4 Kd6 55. Kc3 Kc7 56. Kc4 Kb6 57. Kc3 Kb5 58. Kc2 c4 59. Kc3 a3 60. Kc2 Kb4 61. d6 c3 62. d7 a2 63. d8Q a1Q 64. Qd6+ Kc4 65. Qd5+ Kb4 66. Qb3+ Kc5 67. Qxc3+ Qxc3+ 68. Kxc3 Kb5 69. Kb3 Kc5 70. Kc3 Kb5 1/2-1/2

[Event "Berlin Unicorn op"]
[Site "Berlin"]
[Date "2004.05.20"]
[Round "2"]
[White "Tomann, Daniel"]
[Black "Moehring, Guenther"]
[Result "0-1"]
[WhiteElo "2068"]
[BlackElo "2302"]
[PlyCount "44"]
[EventDate "2004.05.??"]
[EventType "swiss"]
[EventRounds "7"]
[EventCountry "GER"]
[SourceTitle "CBM 100 Extra"]
[Source "ChessBase"]
[SourceDate "2004.07.06"]
[SourceVersion "2"]
[SourceVersionDate "2004.07.06"]
[SourceQuality "1"]

1. Nf3 Nf6 2. g3 b6 3. Bg2 Bb7 4. 0-0 c5 5. d3 d5 6. Nbd2 g6 7. c3 Bg7 8. Qc2 0-0 9. Re1 Nc6 10. e4 e5 11. Nf1 d4 12. h3 Nd7 13. cxd4 cxd4 14. a3 Rc8 15. Qd1 a5 16. g4 Nc5 17. Ng3 Ba6 18. Bf1 a4 19. Nh2 Na5 20. g5 Nab3 21. Rb1 Nxc1 22. Rxc1 Qxg5 0-1

[Event "Berlin Unicorn op"]
[Site "Berlin"]
[Date "2003.06.01"]
[Round "7"]
[White "Syperek, Sebastian"]
[Black "Moehring, Guenther"]
[Result "1-0"]
[WhiteElo "2215"]
[BlackElo "2298"]
[PlyCount "46"]
[EventDate "2003.05.28"]
[EventType "swiss"]
[EventRounds "7"]
[EventCountry "GER"]
[SourceTitle "CBM 094 Extra"]
[Source "ChessBase"]
[SourceDate "2003.07.09"]
[SourceVersion "2"]
[SourceVersionDate "2003.07.09"]
[SourceQuality "1"]

1. d4 Nf6 2. Nf3 d6 3. c4 Bf5 4. Nc3 h6 5. Bf4 Nbd7 6. h3 c6 7. e3 Qa5 8. Be2 e5 9. Bh2 Ne4 10. Qb3 exd4 11. exd4 0-0-0 12. 0-0 g5 13. Nxe4 Bxe4 14. Rfd1 Re8 15. c5 Bd5 16. Bc4 Bxc4 17. Qxc4 d5 18. Qd3 Qd8 19. b4 Bg7 20. Rab1 a6 21. a4 Re6 22. b5 cxb5 23. axb5 Nf6 1-0

[Event "Berlin-ch"]
[Site "Berlin"]
[Date "2003.04.21"]
[Round "4"]
[White "Moehring, Guenther"]
[Black "Wendt, Jan Dietrich"]
[Result "1-0"]
[WhiteElo "2288"]
[BlackElo "2236"]
[PlyCount "65"]
[EventDate "2003.04.??"]
[EventType "swiss"]
[EventRounds "9"]
[EventCountry "GER"]
[SourceTitle "EXT 2006"]
[Source "ChessBase"]
[SourceDate "2005.11.24"]
[SourceVersion "1"]
[SourceVersionDate "2005.11.24"]
[SourceQuality "1"]

1. Nf3 d6 2. d4 g6 3. b3 Bg7 4. Bb2 f5 5. g3 Nf6 6. Bg2 0-0 7. 0-0 Qe8 8. c4 c6 9. Qc2 Ne4 10. d5 Na6 11. Bxg7 Kxg7 12. Nc3 Nxc3 13. Qxc3+ Kg8 14. e4 fxe4 15. Ng5 Bd7 16. Nxe4 h6 17. Rae1 Qf7 18. Nd2 Nc7 19. dxc6 bxc6 20. Qe3 Ne6 21. Bh3 Nc5 22. Bxd7 Nxd7 23. Qxe7 Rae8 24. Qxf7+ Kxf7 25. Rxe8 Rxe8 26. Rd1 Nf6 27. Nf3 d5 28. Kf1 g5 29. cxd5 cxd5 30. Rc1 Re7 31. Nd4 h5 32. Nc6 Re4 33. f3 1-0

[Event "Berlin Chemie op"]
[Site "Berlin"]
[Date "2001.05.26"]
[Round "5"]
[White "Fruebing, Thomas"]
[Black "Moehring, Guenther"]
[Result "1/2-1/2"]
[WhiteElo "2165"]
[BlackElo "2317"]
[PlyCount "70"]
[EventDate "2001.05.23"]
[EventType "swiss"]
[EventRounds "7"]
[EventCountry "GER"]
[SourceTitle "EXT 2008"]
[Source "ChessBase"]
[SourceDate "2007.11.25"]
[SourceVersion "1"]
[SourceVersionDate "2007.11.25"]
[SourceQuality "1"]

1. e4 c5 2. c3 Nf6 3. e5 Nd5 4. Bc4 e6 5. Nf3 d6 6. 0-0 Nc6 7. d4 cxd4 8. Bxd5 exd5 9. Re1 Be7 10. exd6 Qxd6 11. Bg5 dxc3 12. Nxc3 Be6 13. Bxe7 Nxe7 14. Nb5 Qb6 15. Nbd4 0-0 16. Ng5 h6 17. Ngxe6 fxe6 18. Rxe6 Nc6 19. Nf3 Rad8 20. Qd2 Qb4 21. Rd1 Qxd2 22. Rxd2 Rd7 23. Kf1 Rfd8 24. Re1 Kf7 25. Ne5+ Nxe5 26. Rxe5 Kf6 27. Re3 a6 28. f3 Rd6 29. Kf2 R8d7 30. Ke2 Re6 31. Rxe6+ Kxe6 32. Rc2 Kd6 33. Rc8 Re7+ 34. Kd2 g5 35. Rc1 Re8 1/2-1/2

[Event "Berlin-ch"]
[Site "Berlin"]
[Date "2001.04.20"]
[Round "8"]
[White "Moehring, Guenther"]
[Black "Rahls, Peter"]
[Result "1-0"]
[WhiteElo "2317"]
[BlackElo "2308"]
[PlyCount "109"]
[EventDate "2001.04.??"]
[EventType "swiss"]
[EventRounds "9"]
[EventCountry "GER"]
[SourceTitle "EXT 2002"]
[Source "ChessBase"]
[SourceDate "2001.11.25"]
[SourceVersion "1"]
[SourceVersionDate "2001.11.25"]
[SourceQuality "1"]

1. Nf3 c5 2. c4 Nc6 3. Nc3 g6 4. e3 Bg7 5. d4 b6 6. d5 Ne5 7. Nxe5 Bxe5 8. Bd3 d6 9. 0-0 f5 10. Bd2 Nh6 11. Qc2 0-0 12. Rae1 e6 13. f4 Bg7 14. dxe6 Bxe6 15. h3 Qd7 16. b3 Rae8 17. Be2 Kh8 18. Bf3 Ng8 19. e4 fxe4 20. Nxe4 d5 21. cxd5 Bxd5 22. Ng5 Bd4+ 23. Kh2 Ne7 24. Bxd5 Nxd5 25. Nf3 Ne3 26. Bxe3 Rxe3 27. Nxd4 Qxd4 28. Rxe3 Qxe3 29. Rf3 Qd4 30. Qf2 Rd8 31. Qxd4+ Rxd4 32. f5 gxf5 33. Rxf5 Rd2 34. a4 Rd3 35. Rf3 Rxf3 36. gxf3 Kg7 37. Kg3 Kf6 38. Kf4 a6 39. Ke4 Ke6 40. h4 h5 41. f4 b5 42. a5 Ke7 43. Ke5 c4 44. bxc4 b4 45. Kd4 Kd6 46. c5+ Kc6 47. Kc4 b3 48. Kxb3 Kxc5 49. Kc3 Kd5 50. Kd3 Kd6 51. Ke4 Ke6 52. f5+ Kf6 53. Kf4 Kf7 54. Kg5 Kg7 55. Kxh5 1-0

[Event "Berlin-ch"]
[Site "Berlin"]
[Date "2001.04.14"]
[Round "2"]
[White "Moehring, Guenther"]
[Black "Kauschmann, Herbert"]
[Result "1/2-1/2"]
[WhiteElo "2317"]
[BlackElo "2183"]
[PlyCount "159"]
[EventDate "2001.04.??"]
[EventType "swiss"]
[EventRounds "9"]
[EventCountry "GER"]
[SourceTitle "EXT 2002"]
[Source "ChessBase"]
[SourceDate "2001.11.25"]
[SourceVersion "1"]
[SourceVersionDate "2001.11.25"]
[SourceQuality "1"]

1. Nf3 g6 2. d4 Bg7 3. g3 c5 4. d5 Nf6 5. Bg2 0-0 6. 0-0 e6 7. c4 exd5 8. cxd5 d6 9. Nc3 b6 10. Re1 Bb7 11. e4 Nbd7 12. Bf4 Ne8 13. Qd2 f6 14. Bh6 Ne5 15. Bxg7 Nxf3+ 16. Bxf3 Nxg7 17. Bg2 Qc7 18. a4 a6 19. f4 Rae8 20. Bf1 Kh8 21. Bc4 Bc8 22. Qd3 a5 23. Bb5 Bd7 24. b3 Rf7 25. Re2 Rfe7 26. Rae1 Bxb5 27. Nxb5 Qd7 28. Kg2 g5 29. f5 Re5 30. Na3 R5e7 31. Kf2 Rb8 32. Qc3 Ne8 33. g4 Kg7 34. h4 h6 35. Rh1 Kg8 36. Kf3 Rh7 37. Reh2 Qg7 38. hxg5 fxg5 39. Qxg7+ Kxg7 40. Nb5 Rd8 41. Re2 Nf6 42. Nxd6 h5 43. gxh5 Rxd6 44. e5 Rxd5 45. exf6+ Kxf6 46. Re6+ Kxf5 47. Rxb6 Rd3+ 48. Ke2 Rhd7 49. Rc1 Rd2+ 50. Ke1 R2d5 51. Rb5 Re7+ 52. Kf1 Ree5 53. Rxa5 g4 54. h6 Kg6 55. Ra6+ Kh7 56. b4 Rh5 57. Kg2 Rh3 58. Rxc5 Rd2+ 59. Kg1 Rd1+ 60. Kf2 Rd2+ 61. Ke1 Rd7 62. Rg5 Re3+ 63. Kf2 Rf3+ 64. Ke2 Re7+ 65. Kd2 g3 66. Rag6 Ree3 67. Rd6 Re7 68. Rd3 Rf2+ 69. Kc3 g2 70. Rdg3 Ree2 71. Rg7+ Kh8 72. Rg8+ Kh7 73. R3g7+ Kxh6 74. Rg3 Rc2+ 75. Kd4 Kh7 76. R8g4 Rfd2+ 77. Ke5 Re2+ 78. Kf5 Rf2+ 79. Ke5 Rfe2+ 80. Kf5 1/2-1/2

[Event "Berlin-ch"]
[Site "Berlin"]
[Date "2001.04.13"]
[Round "1"]
[White "Baumert, Christian"]
[Black "Moehring, Guenther"]
[Result "1-0"]
[WhiteElo "2176"]
[BlackElo "2317"]
[PlyCount "60"]
[EventDate "2001.04.??"]
[EventType "swiss"]
[EventRounds "9"]
[EventCountry "GER"]
[SourceTitle "EXT 2002"]
[Source "ChessBase"]
[SourceDate "2001.11.25"]
[SourceVersion "1"]
[SourceVersionDate "2001.11.25"]
[SourceQuality "1"]

1. e4 c5 2. b4 cxb4 3. Bb2 e6 4. d4 d5 5. e5 Nc6 6. Nf3 Bd7 7. Nbd2 a6 8. Bd3 Na7 9. Nf1 Bb5 10. Ne3 Bxd3 11. Qxd3 Nc6 12. 0-0 h5 13. Nd2 Nh6 14. f4 g6 15. Nf3 Be7 16. a3 bxa3 17. Bxa3 Bxa3 18. Rxa3 b5 19. Rfa1 Qb6 20. h3 Nf5 21. Nxf5 gxf5 22. c3 Ke7 23. Qe2 a5 24. Kh1 Qb7 25. Ne1 b4 26. cxb4 axb4 27. Rxa8 Rxa8 28. Rxa8 Qxa8 29. Qb5 Qa1 30. Qc5+ Kd7 1-0